000 00735nam a2200205Ia 4500
999 _c39909
_d39909
001 6514
003 GE_BSU
005 20191120152328.0
008 181216s1940||||ge |||||||||||||| ||geo||
040 _cGE_BSU
041 _ageo
080 _a821.353.1-1 გ-12
100 _aგაბესკირია, ვიქტორ.
_95430
245 _aლექსები :
_bწიგნი მეორე /
_cვიქტორ გაბესკირია ; რედ. ს. ეული.
264 _aთბილისი :
_bფედერაცია,
_c1940.
300 _a98 გვ. ;
_c17 სმ.
653 _aლექსები
700 _aეული, ს.
_eრედაქტორი
_95489
942 _cBK
_2udc